Morfosintaxis funcional del español : (Registro nro. 13424)

Detalles MARC
000 -LIDER
fixed length control field 01449nam a2200325 a 4500
001 - NÚMERO DE CONTROL
Identificador de número de control 000039140
003 - IDENTIFICACDOR DE NÚMERO DE CONTROL
control field DO-SdBNP
005 - DATE AND TIME OF LATEST TRANSACTION
control field 20210415131646.0
008 - ELEMENTOS DE LONGITUD FIJA
fixed length control field 081028s2006 dr 000 0 spa d
020 ## - ISBN
International Standard Book Number 8492243503
040 ## - FUENTE DE CATALOGACIÓN
Agencia que crea de manera original el registro BPMSU
Idioma de catalogación spa
Agencia que realiza la transcripción BPMSU
082 ## - NÚMERO DE CLASIFICACIÓN DECIMAL DE DEWEY
Classification number 465
Item number G216m, 2006
Edition number 22
100 1# - ASIENTO PRINCIPAL -- NOMBRE PERSONAL
Nombre personal García, Bartolo
245 10 - MENCIÓN DE TITULO
Título Morfosintaxis funcional del español :
Subtítulo teoría-análisis-producción /
Mención de responsabilidad Bartolo García, Rafael Núñez, Julio de los Santos.
250 ## - MENCIÓN DE EDICION
Mención de edición 6a ed.
260 ## - PUBLICACIÓN, DISTRIBUCIÓN, ETC. (PIE DE IMPRENTA)
Lugar de publicación, distribución, etc Santo Domingo :
Nombre del editor, distribuidor, etc. Surco ,
Fecha de publicación, distribución, etc 2006
300 ## - DESCRIPCIÓN FÍSICA
Extensión 351
Dimensiones 23 cm.
504 ## - NOTA DE BIBLIOGRAFÍA, ETC.
Bibliography, etc Bibliografía : p. 347-351
505 0# - NOTA DE CONTENIDO
Título Prefacio --
-- Nota a la cuarta edición --
-- Lingüística y visión de la lengua --
-- Morfología y sintáxis y las demás --
-- Categorías formales --
-- Relación significante-significado --
-- El morfema --
-- Morfología verbal --
-- La oración --
-- El sujeto --
-- El predicado --
-- Visión holística del análisis sintáctico --
-- Oraciones y proposiciones --
-- Proposiciones coordinadas --
-- Proposiciones subordinadas --
-- Índice de textos --
-- Bibliografía.
590 ## - NOTA LOCAL
Enlace Inventariado, 2021/VM
650 #4 - ENCABEZAMIENTO DE MATERIA--TEMÁTICO
Término temático o nombre geográfico como elemento de entrada ESPAÑOL
Subdivisión temática general GRAMÁTICA
-- ESTUDIOS Y ENSEÑANZA
650 #4 - ENCABEZAMIENTO DE MATERIA--TEMÁTICO
Término temático o nombre geográfico como elemento de entrada Español
Subdivisión temática general Composición y ejercicios
650 #4 - ENCABEZAMIENTO DE MATERIA--TEMÁTICO
Término temático o nombre geográfico como elemento de entrada Español
Subdivisión temática general Morfosintaxis
650 #4 - ENCABEZAMIENTO DE MATERIA--TEMÁTICO
Término temático o nombre geográfico como elemento de entrada Español
Subdivisión temática general Sintaxis
650 #4 - ENCABEZAMIENTO DE MATERIA--TEMÁTICO
Término temático o nombre geográfico como elemento de entrada Español
Subdivisión temática general Morfología
700 1# - ASIENTO SECUNDARIO -- NOMBRE PERSONAL
Nombre personal Núñez, Rafael
700 1# - ASIENTO SECUNDARIO -- NOMBRE PERSONAL
Nombre personal Santos, Julio de los
910 ## - VALIDACIÓN
Validación VMateo
942 ## - ADDED ENTRY ELEMENTS (KOHA)
Source of classification or shelving scheme Dewey Decimal Classification
Koha item type Libros
Existencias
Withdrawn status Lost status Source of classification or shelving scheme Damaged status Not for loan Collection code Home library Current library Date acquired Source of acquisition Total Checkouts Full call number Barcode Date last seen Price effective from Koha item type Copy number
    Dewey Decimal Classification     Colección Dominicana Biblioteca Pública Metropolitana Salomé Ureña Biblioteca Pública Metropolitana Salomé Ureña 04/15/2021 Editora Búho   BPMSU CD 465 G216m, 2006 BPMET21040024 04/15/2021 04/15/2021 Libros  
    Dewey Decimal Classification     Colección Dominicana Biblioteca Pública Metropolitana Salomé Ureña Biblioteca Pública Metropolitana Salomé Ureña 04/15/2021 Editora Búho   BPMSU CD 465 G216m, 2006 BPMET21040025 04/15/2021 04/15/2021 Libros e.2